| 000 | 00342nam a2200145Ia 4500 | ||
|---|---|---|---|
| 008 | 200615s9999||||xx |||||||||||||| ||und|| | ||
| 020 | _a9788121925730 | ||
| 082 |
_a620 _bATE-R |
||
| 100 | _aR.S.KHURMI | ||
| 245 | 2 | _aA TEXTBOOK OF THERMAL ENGINEERING | |
| 250 | _a1ST | ||
| 260 |
_anew delhi _bS.CHAND _c2017 |
||
| 300 | _a725 | ||
| 942 | _cBK | ||
| 999 |
_c29543 _d29543 |
||